| 000 | 00848nam a2200289Ia 4500 | ||
|---|---|---|---|
| 008 | 160803s9999 xx 000 0 und d | ||
| 020 | _a0 590431978 | ||
| 100 | _aSchwartz, Alvin | ||
| 245 | _aScary stories to tell in the dark / | ||
| 245 | _ccollected from folklore / retold by Alvin Schwartz ; with drawings by Stephen Gammell. | ||
| 260 | _aNew York : | ||
| 260 | _bScholastic Inc. | ||
| 260 | _c1981 | ||
| 300 | _aviii, 111 pages : | ||
| 300 | _billustrations ; | ||
| 300 | _c20 cm. | ||
| 500 | _aOriginally published: New York : HarperCollins Children's Books, c1981. | ||
| 650 | _aFolklore -- | ||
| 650 | _aGhost stories, American. | ||
| 650 | _aGhosts -- | ||
| 650 | _aHorror stories. | ||
| 650 | _aTales -- | ||
| 650 | _xFolklore. | ||
| 650 | _xUnited States. | ||
| 650 | _xUnited States. | ||
| 700 | _a640 | ||
| 999 |
_c298729 _d298729 |
||